header

The equal opportunities handbook (Record no. 901)

MARC details
000 -LEADER
fixed length control field 01320nam a2200337 a 4500
082 04 - DEWEY DECIMAL CLASSIFICATION NUMBER
Classification number 305
100 1# - MAIN ENTRY--AUTHOR NAME
Personal name Clements, Phillip Edward.
245 14 - TITLE STATEMENT
Title The equal opportunities handbook
250 ## - EDITION STATEMENT
Edition statement Rev. 4th ed.
260 ## - PUBLICATION, DISTRIBUTION, ETC. (IMPRINT)
Place of publication London ;
-- Philadelphia :
Name of publisher Kogan Page,
Year of publication 2009.
300 ## - PHYSICAL DESCRIPTION
Number of Pages vi, 229 p. :
Other physical details ill.
650 #0 - SUBJECT ADDED ENTRY--TOPICAL TERM
Topical Term Prejudices.
Topical Term Fairness.
Topical Term Discrimination.
700 1# - ADDED ENTRY--PERSONAL NAME
Personal name Spinks, Tony.
856 40 - ELECTRONIC LOCATION AND ACCESS
Uniform Resource Identifier http://site.ebrary.com/lib/rucke/Doc?id=10288101

No items available.

© 2026 Rongo University
Contact us: librarian | system librarian | Rongo university